World Countries - Only Consonants - Statistics

General Stats
  • This quiz has been taken 47 times
  • The average score is 18 of 20
Answer Stats
Hint Answer % Correct
BRZL Brazil
100%
CHN China
100%
CLMB Colombia
100%
FRNC France
100%
JPN Japan
100%
MXC Mexico
100%
NGR Nigeria
100%
PHLPPNS Philippines
100%
RSS Russia
98%
TNZN Tanzania
98%
MNMR Myanmar
90%
KN Kenya
88%
TRK Turkey
88%
GPT Egypt
78%
ND India
78%
RN Iran
78%
NTD STTS United States
78%
TL Italy
76%
NDNS Indonesia
66%
THP Ethiopia
63%
No matching quizzes found
Score Distribution
Percent of People with Each Score
Percentile by Number Answered
Your Score History
You have not taken this quiz